Κατάλογος Βιβλιοθηκών Mediterranean College

Accounting for Business / Third Edition (Record no. 9650)

MARC details
000 -LEADER
fixed length control field 01684cam a22002054a 4500
005 - ΗΜΕΡΟΜΗΝΙΑ ΚΑΙ ΩΡΑ ΤΕΛΕΥΤΑΙΑΣ ΕΝΗΜΕΡΩΣΗΣ
Πεδίο ελέγχου 20250605164405.0
008 - FIXED-LENGTH DATA ELEMENTS--GENERAL INFORMATION
Πεδίο ελέγχου σταθερού μήκους 250528s ||||||||||||||||||||||||d
035 ## - SYSTEM CONTROL NUMBER
System control number 24805
040 ## - ΠΗΓΗ ΚΑΤΑΛΟΓΟΓΡΑΦΗΣΗΣ
Φορέας πρωτότυπης καταλογογράφησης MC Athens Campus Library
Γλώσσα καταλογογράφησης Ελληνικά, Μοντέρνα (1453-)
Modifying agency MC Athens Campus Library
Κανόνες περιγραφικής καταλογογράφησης AACR2
245 1# - ΤΙΤΛΟΣ ΚΑΙ ΔΗΛΩΣΗ ΥΠΕΥΘΥΝΟΤΗΤΑΣ
Τίτλος Accounting for Business / Third Edition
260 ## - PUBLICATION, DISTRIBUTION, ETC.
Name of publisher, distributor, etc. Butterworth Heinemann,
Date of publication, distribution, etc. 2001
300 ## - PHYSICAL DESCRIPTION
Extent 534
520 ## - SUMMARY, ETC.
Summary, etc. An ideal book for undergraduate students on business and accounting courses who need a comprehensive understanding on financial accounting. Preface, Introduction to Accounting, The Role of Accounting in Business Decision Making, The Main Accounting Reports, The Balance Sheet, The Profit and Loss Account - Nature and Purpose, The Profit and Loss Account - Form and Content, The Measurement of Profit - Depreciation, Measurement Problems - Stock Valuation, Profit Measurement - Bad and Doubtful Debts: The Conventions, Practical Accounting, Practical Accounting - Ledger Accounts, Ledger Accounts - Further Complications, Accounting Systems, Accounting for Companies: The Regulatory Framework, An Introduction to the Accounts of Limited Companies, Accounting for Companies, The Regulatory Framework, The Account of Groups of Companies, The Analysis and Interpretation of Accounts, The Cash Flow Statement, The Use of Financial Statements for Planning and Decision Making, The Analysis of Financial Statements, The Conventions and the Conceptual Framework, Measurement of Profit and Capital Maintenance, Answer to Self - Assessment Questions, Index.
700 1# - ΠΡΟΣΘΕΤΗ ΑΝΑΓΡΑΦΗ--ΦΥΣΙΚΟ ΠΡΟΣΩΠΟ
Personal name Atrill Peter
9 (RLIN) 129
700 1# - ΠΡΟΣΘΕΤΗ ΑΝΑΓΡΑΦΗ--ΦΥΣΙΚΟ ΠΡΟΣΩΠΟ
Personal name Harvey David
9 (RLIN) 116
700 1# - ΠΡΟΣΘΕΤΗ ΑΝΑΓΡΑΦΗ--ΦΥΣΙΚΟ ΠΡΟΣΩΠΟ
Personal name Mclaney Edward
9 (RLIN) 130
942 ## - ADDED ENTRY ELEMENTS (KOHA)
Koha item type Books
Holdings
Τύπος τεκμηρίου Βιβλιοθήκη Τρέχουσα τοποθεσία Barcode Αριθμός εισαγωγής Ημερομηνία απόκτησης Ταξιθετικό σύμβολο Αριθμός αντιτύπου Κατάσταση απόσυρσης Κατάσταση χαμένου Κατάσταση κατεστραμμένου Μη δανεισμός Σύνολο δανεισμών Ημερομηνία τελευταίας εμφάνισης Η τιμή ισχύει από
Books MC Athens Campus Library MC Athens Campus Library 9780000096494 6566 05/06/2025 657 HARAn ideal book for students 1           05/06/2025 05/06/2025

MC Athens Campus Library
Πατησίων 94 & Κοδριγκτώνος 13, 104 34
Πελλήνης 8 & Πατησίων 107, 112 51
Τ: +30 210 8899600

MC Thessaloniki Campus Library
Ίωνος Δραγούμη 21, 54625 | Ίωνος Δραγούμη 15, 54625
Τ: +30 2310 287779 – Τ: +30 2314 440300